000 00886nas a2200289 4500
001 BR9900793
003 BR-BrBNA
005 20231205101236.0
007 ta
008 230509b bl.|||p| |||| 00| 00por d
040 _aBR-BrBNA
_bpor
_cBiblioteca Nacional de Agricultura
041 _a(Pt)
072 _aF04
100 1 _aMachado, A.T.
100 1 _aSodek, L.
100 1 _aDobereiner, J.
100 1 _aReis, V.M.
245 1 _aEfeito da adubacao nitrogenada e da inoculacao com bacterias diazotroficas no comportamento bioquimico da cultivar de milho Nitroflint
650 _aMilho
650 _aAdubacao
650 _aNitrogenio
650 _aAbsorcao
650 _aInoculacao
773 0 _tPesquisa Agropecuaria Brasileira (Brazil)
_xISSN 0100-204X
_g(Jun 1998), v. 33(6) p. 961-970
_wBR9900793
909 _a202311
_bLúcia
_c55
_dLúcia Elande
942 _2AGRIS
_n0
_cANA
999 _c160637
_d160637